Nábytok a bývanie
Mimoriadna sekcia Trendu. Nábytkárstvo a textilný priemysel. Drevospracujúci priemysel. Vývoz, nábytkárske veľtrhy, dizajn. Psychotronika a bývanie. Stavebné sporenie.
Salvato in:
| Natura: | Libro |
|---|---|
| Lingua: | slovacco |
| Soggetti: | |
| Tags: |
Nessun Tag, puoi essere il primo ad aggiungerne!!
|
MARC
| LEADER | 00000nam a2200000 4500 | ||
|---|---|---|---|
| 001 | r030723 | ||
| 005 | 20230921083335.0 | ||
| 041 | 0 | |a slo | |
| 044 | |a SK | ||
| 245 | 1 | 0 | |a Nábytok a bývanie |
| 520 | |a Mimoriadna sekcia Trendu. Nábytkárstvo a textilný priemysel. Drevospracujúci priemysel. Vývoz, nábytkárske veľtrhy, dizajn. Psychotronika a bývanie. Stavebné sporenie. | ||
| 610 | 2 | 0 | |a nábytok |
| 610 | 2 | 0 | |a priemysel nábytkársky |
| 610 | 2 | 0 | |a bývanie |
| 610 | 2 | 0 | |a drevo |
| 610 | 2 | 0 | |a priemysel drevársky |
| 610 | 2 | 0 | |a vývoz |
| 610 | 2 | 0 | |a veľtrhy |
| 610 | 2 | 0 | |a dizajn |
| 610 | 2 | 0 | |a sporenie stavebné |